Central Library OPAC University of Rajshahi

The scientific outlook / (Record no. 31520)

MARC details
000 -LEADER
fixed length control field 00674nam a2200241 a 4500
001 - CONTROL NUMBER
control field 31520
003 - CONTROL NUMBER IDENTIFIER
rucl marc code BD-RjUL
005 - DATE AND TIME OF LATEST TRANSACTION
control field 20211209051718.0
008 - FIXED-LENGTH DATA ELEMENTS--GENERAL INFORMATION
fixed length control field 160830m19491931enk 001 0 eng d
035 ## - SYSTEM CONTROL NUMBER
System control number (BD-RjUL)31608
040 ## - CATALOGING SOURCE
Original cataloging agency DLC
Transcribing agency ODaWU
Modifying agency DLC
-- BD-RjUL
Language of cataloging eng
041 ## - LANGUAGE CODE
Language code of text/sound track or separate title eng
082 00 - DEWEY DECIMAL CLASSIFICATION NUMBER
Classification number 500
Author mark and year RUS 1949
Edition number 23
100 1# - MAIN ENTRY--PERSONAL NAME
Personal name Russell, Bertrand
9 (RLIN) 95943
245 14 - TITLE STATEMENT
Title The scientific outlook /
Statement of responsibility, etc. Bertrand Russell
250 ## - EDITION STATEMENT
Edition statement 2nd ed
260 ## - PUBLICATION, DISTRIBUTION, ETC. (IMPRINT)
Place of publication, distribution, etc. London :
Name of publisher, distributor, etc. George Allen &Unwin ltd,
Date of publication, distribution, etc. 1949 [3rd impression 1954].
300 ## - PHYSICAL DESCRIPTION
Pagination 285 p. ;
Size 20 cm.
504 ## - BIBLIOGRAPHY, ETC. NOTE
Bibliography, etc Includes Index
650 #0 - SUBJECT ADDED ENTRY--TOPICAL TERM
Topical term or geographic name as entry element Science.
9 (RLIN) 95944
Topical term or geographic name as entry element Civilization, Modern.
9 (RLIN) 95945
942 ## - ADDED ENTRY ELEMENTS (KOHA)
Source of classification or shelving scheme Dewey Decimal Classification
Koha item type Books
Holdings
Lost status Source of classification or shelving scheme Damaged status Not for loan Collection code Permanent Location Current Location Shelving location Date acquired Source of acquisition Cost, normal purchase price Total Checkouts Full call number Date last seen Copy number Koha item type
  Dewey Decimal Classification     Non-fiction Central Library, University of Rajshahi Central Library, University of Rajshahi   12/07/1972 Bangladesh Commercial 17.60   500 RUS 1962 20/04/2014 C-10 Books
  Dewey Decimal Classification     Non-fiction Central Library, University of Rajshahi Central Library, University of Rajshahi   30/10/1965 Zeit 16.00   500 RUS 1962 20/04/2014 C-6 Books
  Dewey Decimal Classification   Not For Loan Non-fiction Central Library, University of Rajshahi Central Library, University of Rajshahi Reading Room 07/03/1963 Zeitlinger 10.60   500 RUS 1954 23/04/2014 C-1 Books
  Dewey Decimal Classification     Non-fiction Central Library, University of Rajshahi Central Library, University of Rajshahi   30/10/1965 Zeit 16.00   500 RUS 1962 23/04/2014 C-7 Books
  Dewey Decimal Classification     Non-fiction Central Library, University of Rajshahi Central Library, University of Rajshahi   30/10/1965 Zeitlinger 16.00   500 RUS 1962 23/04/2014 C-5 Books
  Dewey Decimal Classification     Non-fiction Central Library, University of Rajshahi Central Library, University of Rajshahi   11/02/1956 B Z. stationary 6.15   500 RUS 1949 24/08/2016 C-2 Books
  Dewey Decimal Classification     Non-fiction Central Library, University of Rajshahi Central Library, University of Rajshahi   12/04/1955 Allies books com 5.50   500 RUS 1949 30/08/2016 C-3 Books
  Dewey Decimal Classification     Non-fiction Central Library, University of Rajshahi Central Library, University of Rajshahi   06/04/1956 Allies books cor. 7.00   500 RUS 1954 04/12/2016 C-4 Books